00690nam a2200181 a 4500003000200000005001700002008004100019050003000060100002700090245011500117260009200232300004000324504004100364650002000405650003000425650002400455650002900479020250605151056.0021125s19uu xx 00 eng d aPGS RA 645.B7b.M553 2000 aMercado, Joanna Marie. aAwareness level of the female population of the Southville community on breast cancer /cJoanna Marie Mercado. aLas Piñas City, Philippines : bSouthville International School and Colleges,c2000. a34 pages :billustrations ;c28 cm. aIncludes bibliographical references. aBreastvCancer. aBreast cancervAwareness. aCancervPrevention. aWomenvHealth education.